| 000 | 00378nam a2200133 i 4500 | ||
|---|---|---|---|
| 001 | bg | ||
| 100 | 1 | _aWOLSKA KOTAŃSKA, Czesława | |
| 245 | 0 |
_aWpływ popiołów lotnych na efekty cieplne w procesie hydratacji cementu / _cCzesława Wolska-Kotańska. |
|
| 260 |
_aWarszawa, _c1978. |
||
| 040 | _cBPK | ||
| 041 | _apol | ||
| 942 | _cKS | ||
| 008 | s pl f |000 0 pol | ||
| 999 |
_c9897 _d9897 |
||
| 856 |
_uhttp://koha.tu.koszalin.pl/cgi-bin/koha/opac-detail.pl?biblionumber=9897 _yKatalog online BPK |
||